| 000 | 00890nam a22002417a 4500 | ||
|---|---|---|---|
| 999 |
_c20948 _d20948 |
||
| 003 | AR-CdUCM | ||
| 008 | 190322b ||||| |||| 00| 0 spa d | ||
| 040 |
_aMUNICIPALIDAD PROVINCIAL DEL CUSCO _cBIBLIOTECA MUNICIPAL DEL CUSCO |
||
| 041 | _heng | ||
| 082 |
_a545.076 / _bA68 |
||
| 100 |
_aArenson, Saul B. _922745 |
||
| 245 | _aProblemas de química / | ||
| 260 |
_aMexíco, D. F. : _bHispano-Americana, _c1968. |
||
| 300 |
_a203 paginas ; _c17.5 cm. |
||
| 500 | _aTraducción de la 2a edición en inglés. | ||
| 505 | _aContenido : Unidades y factores de conversión -- Pesos atómicos y moleculares -- Leyes relativas a los gases -- Relación entre peso y volumen... | ||
| 650 |
_aQuímica - problemas _943709 |
||
| 650 |
_aProblemas, ejercicios _919962 |
||
| 650 |
_aQuímica _94512 |
||
| 700 |
_aDiaz Flores, Pablo (traductor) _943710 |
||
| 942 |
_2ddc _cLIBROS |
||
| 945 | _aAndy | ||